Kritické myslenie ako atribút odborných zručností v obchode bakalárska práca

Guardado en:
Detalles Bibliográficos
Autor principal: Machalková, Ivana
Autor Corporativo: Obchodná fakulta EU. Katedra marketingu
Otros Autores: Orgonáš, Jozef, 1957-
Formato: Libro
Lenguaje:eslovaco
Publicado: Bratislava 2022
Etiquetas: Agregar Etiqueta
Sin Etiquetas, Sea el primero en etiquetar este registro!

MARC

LEADER 00000nbm a2200000 4500
001 0285805
005 20221128132536.7
041 0 |a slo 
044 |a SK 
245 1 0 |a Kritické myslenie ako atribút odborných zručností v obchode  |b bakalárska práca  |c Ivana Machalková ; školiteľ: Jozef Orgonáš 
264 1 |a Bratislava  |c 2022 
300 |a 48 s. 
100 1 |a Machalková, Ivana 
700 1 |a Orgonáš, Jozef, 1957- 
710 2 |a Obchodná fakulta EU. Katedra marketingu